000 00786nam a2200205Ia 4500
001 17783
003 GE_BSU
008 181216s||||||||xx |||||||||||||| ||und||
040 _cGE_BSU
080 _a625.1(035)
100 _aБачелис,А.С. Богданов,Н.Н. Волков,В.П. и др.
245 _aТехнический справочник железнодорожника. Том 4: искусственные сооружения.
245 _cГлавн. ред. Е.Ф.Рудой. Отв. ред. тома Б.Н.Веденисов.
260 _aМ.
260 _bТрансжелдориздат.
260 _c1951.
300 _a620 стр. 27 см.
653 _aТехнический справочник железнодорожника.
942 _cBK
999 _c50829
_d50829